书目信息 |
| 题名: |
景观设计基础
|
|
| 作者: | 李振煜 , 彭瑜 编著 | |
| 分册: | ||
| 出版信息: | 北京 北京大学出版社 2014 |
|
| 页数: | 169页 | |
| 开本: | 26cm | |
| 丛书名: | ||
| 单 册: | ||
| 中图分类: | TU986.2 | |
| 科图分类: | ||
| 主题词: | 景观设计 , 景观设计--高等学校--教材 | |
| 电子资源: | ||
| ISBN: | 978-7-301-23710-6 | |
| 000 | 01001nam0 2200277 450 | |
| 001 | 142030 | |
| 005 | 20141115143601.32 | |
| 010 | @a978-7-301-23710-6@dCNY 49.00 | |
| 100 | @a20140324d2014 em y0chiy50 ea | |
| 101 | 0 | @achi |
| 102 | @aCN@b110000 | |
| 105 | @aa z 000yy | |
| 200 | 1 | @a景观设计基础@9jing guan she ji ji chu@b专著@f李振煜,彭瑜编著 |
| 210 | @a北京@c北京大学出版社@d2014 | |
| 215 | @a169页@c图@d26cm | |
| 300 | @a21世纪全国高等院校艺术设计系列实用规划教材 艺术与设计类规划教材·环境艺术设计类 | |
| 312 | @a封面英文题名:Fundamentals of landscape design | |
| 330 | @a本书分5章阐述了景观设计的基础知识,包括景观设计要素、景观设计的基本表达、景观设计思考、景观设计小品和景观方案设计。 | |
| 510 | 1 | @aFundamentals of landscape design@zeng |
| 606 | 0 | @a景观设计 |
| 606 | 0 | @a景观设计@x高等学校@j教材 |
| 690 | @aTU986.2@v5 | |
| 701 | 0 | @a李振煜@9li zhen yu@4编著 |
| 701 | 0 | @a彭瑜@9peng yu@c(高等教育)@4编著 |
| 801 | 0 | @aCN@bZL@c20141115 |
| 905 | @a241430@dTU986.2@eL330 | |
| 景观设计基础/李振煜,彭瑜编著.-北京:北京大学出版社,2014 |
| 169页:图;26cm |
| 21世纪全国高等院校艺术设计系列实用规划教材 艺术与设计类规划教材·环境艺术设计类 |
| ISBN 978-7-301-23710-6:CNY 49.00 |
| 本书分5章阐述了景观设计的基础知识,包括景观设计要素、景观设计的基本表达、景观设计思考、景观设计小品和景观方案设计。 |
| ● |
| 相关链接 |
|
|
|
正题名:景观设计基础
索取号:TU986.2/L330
 
预约/预借
| 序号 | 登录号 | 条形码 | 馆藏地/架位号 | 状态 | 备注 |
| 1 | 0839706 | 208397064 | 建筑库201/201建筑库 68排1列4层/ [索取号:TU986.2/L330] | 在馆 | |
| 2 | 0839707 | 208397073 | 建筑库201/201建筑库 68排1列4层/ [索取号:TU986.2/L330] | 在馆 | |
| 3 | 0839708 | 208397082 | 建筑库201/201建筑库 68排1列4层/ [索取号:TU986.2/L330] | 在馆 |